000 00294nam a22001337a 4500
020 _a978-81-7910-366-1
041 _aENG
100 _aModi.H.A
245 _aFermented Food Biotechnoligy
260 _aJaipur
_bAavishkar Publishers
_c2012
300 _a375
650 _aAPE
856 _uAPE ( 3 )
999 _c2510
_d2510